Los años decisivos

Guardat en:
Dades bibliogràfiques
Autor principal: Lange, Dorothea (Autor)
Format: Llibre
Idioma:espanyol
Publicat: Madrid La Fábrica 2009
Matèries:
Etiquetes: Afegir etiqueta
Sense etiquetes, Sigues el primer a etiquetar aquest registre!

MARC

LEADER 00000cam a2200000 a 4500
001 UCF4828
003 CL-VaPUC
008 130103e20090000SP |||||||||||||||||spa|d
020 |a 9788492498741 
082 0 4 |a 770.9  |b LAN  |2 21 
100 0 |a Lange, Dorothea  |e author  |9 566483 
245 1 4 |a Los años decisivos 
300 |a 192 p 
942 |c BK 
945 |d 20130103 00:00:00  |a dcastane 
260 |a Madrid  |b La Fábrica  |c 2009 
650 0 |a Fotografía documental   |9 268698 
650 0 |a Historiografía   |9 257871 
650 0 |a Fotografía  |9 268495 
583 |a last modification  |c 20130103 11:06:00  |k Rodrigo Vera 
999 |c 350522  |d 350520 
952 |0 0  |1 0  |4 0  |6 770_900000000000000_LAN_2009  |7 0  |8 R  |9 453944  |a BIBART  |b BIBART  |d 2019-11-22  |i 4936744  |o 770.9 LAN 2009  |p 4936744  |r 2025-03-13  |w 2019-11-22  |y BK_R  |k ART